| 000 | 01564nam a2200421 i 4500 | ||
|---|---|---|---|
| 001 | 000027916 | ||
| 003 | DO-SdBNP | ||
| 005 | 20260422143911.0 | ||
| 007 | ta | ||
| 008 | 110405s2000 dr 000 0 spa d | ||
| 020 | _a9993480215 | ||
| 040 |
_aDO-SdBNP _bspa _cBNPHU _erda |
||
| 041 | _aspa | ||
| 082 | 4 |
_axxx _bS698 _222 |
|
| 245 | 0 | 0 |
_aSonetos / _cBerenice Barinas Ubiñas... [y otros 11] ; edición, José Chez Checo ; ilustración, Rafael Hutchinson |
| 264 | 4 |
_aSanto Domingo : _bEdiciones Ferilibro, _c©2000. |
|
| 300 |
_a62 paginas ; _c23 cm. |
||
| 336 |
_atexto _btxt _2rdacontent |
||
| 337 |
_asin mediación _bn _2rdamedia |
||
| 338 |
_avolumen _bnc _2rdacarrier |
||
| 590 | _aInventariado / DG | ||
| 700 | 1 |
_aCampos Sagaseta, Carlos, _eautor _4aut. _954978 |
|
| 700 | 1 |
_aBarinas Ubiñas, Berenice _eautor _4aut. _954978 |
|
| 700 | 1 |
_aCastillo C., Juan B., _eautor _4aut. _988887 |
|
| 700 | 1 |
_aConcepción M., Huáscar, _eautor _4aut. _988888 |
|
| 700 | 1 |
_aLandolfi, Ciriaco, _eautor _4aut. _924264 |
|
| 700 | 1 |
_aChez Checo, José, _eeditor _4ed. _980381 |
|
| 700 | 1 |
_aHutchinson, Rafael, _eilustrador _4il. _928908 |
|
| 700 | 1 |
_aHernández Flores, Ismael _eautor _4aut. _923299 |
|
| 700 | 1 |
_aHernández, José Ramón _eautor _4aut. _921881 |
|
| 700 | 1 |
_aPerez Polanco, Lewis Oscar _eautor _4aut. _989392 |
|
| 700 | 1 |
_aReyes Vásquez, Radhamés _eautor _4aut. |
|
| 700 | 1 |
_aSaba, Ramón _eautor _4aut. _971165 |
|
| 700 | 1 |
_aSierra, Jorge _eautor _4aut. _989393 |
|
| 700 | 1 |
_aVásquez G. Arismendi _eautor _4aut. _989394 |
|
| 910 | _aDG | ||
| 942 |
_2ddc _cLBS1 |
||
| 999 |
_c27408 _d27408 |
||